Selfing the city ; (Record no. 142537)

MARC details
000 -LEADER
fixed length control field 00643nam a22001937a 4500
005 - DATE AND TIME OF LATEST TRANSACTION
control field 20170713142241.0
010 ## - LCCN (DPL NO)
LC control number ENG-119211
020 ## - INTERNATIONAL STANDARD BOOK NUMBER
Terms of availability 995.00
International Standard Book Number 9788190676045
035 ## - SYSTEM CONTROL NUMBER
System control number EN-102743
037 ## - SOURCE OF ACQUISITION
Source of stock number/acquisition DBAD/PUB
082 ## - DEWEY DECIMAL CLASSIFICATION NUMBER
Classification number 305.40954
100 ## - MAIN ENTRY--PERSONAL NAME
Personal name Chanda, Ipshita
245 ## - TITLE STATEMENT
Title Selfing the city ;
Statement of responsibility, etc by Ipshita Chanda
Remainder of title single women migrants and theire lives in Kolkata /
260 ## - PUBLICATION, DISTRIBUTION, ETC. (IMPRINT)
Place of publication, distribution, etc New Delhi
Name of publisher, distributor, etc Sage Publications
Date of publication, distribution, etc 2017
270 ## - ADDRESS
Address B1/I-1 Mohan Cooperative Industrial Area, Mathura Road
City New Delhi
Postal code 110044
300 ## - PHYSICAL DESCRIPTION
Extent xi; 322p ;
Dimensions 23cm (Hb)
Other physical details ill.
500 ## - GENERAL NOTE
General note include index
942 ## - ADDED ENTRY ELEMENTS (KOHA)
Source of classification or shelving scheme Dewey Decimal Classification
Item type English Books
Classification part 305.40954
Call number suffix CHA
Holdings
Withdrawn status Lost status Not for loan Collection code Home library Current library Date acquired Source of acquisition Cost, normal purchase price Full call number Barcode Copy number Cost, replacement price Koha item type
      Non-fiction Shahdara Branch Shahdara Branch 13/07/2017 DBAD/PUB 995.00 305.40954 CHA EN-102743 1 995.00 English Books

© Delhi Public Library
Hit Counter
free hit counter